000 00622nam a2200217Ia 4500
005 20241129111115.0
008 241129s9999||||xx |||||||||||||| ||und||
020 _a978-1-5036-1454-3
037 _aTB
040 _aCRL
_beng
_cCRL
041 _aeng
_2eng
084 _aW:5 R3
_qCRL
100 _aYadav Vikash Au.
_9723338
245 0 _aLiberalism's last man: Hayek in the age of political capitalism
_cYadav Vikash Au.
260 _aChicago, USA
_bUniversity of Press
_c2023
300 _axiv,288p.
365 _aUSD
_b35
650 _aPolitical Science
942 _cTB
_hW:5 R3
999 _c1228960
_d1228960